Vista normal
Vista MARC
Entrada Personal Name
Número de registros utilizados en: 1
001 - CONTROL NUMBER
- control field: 17337
003 - CONTROL NUMBER IDENTIFIER
- control field: DLC
005 - DATE AND TIME OF LATEST TRANSACTION
- control field: 20250716141745.0
008 - FIXED-LENGTH DATA ELEMENTS
- fixed length control field: 090915n| azannaabn |a aaa c
010 ## - LIBRARY OF CONGRESS CONTROL NUMBER
- LC control number: no2009146332
035 ## - SYSTEM CONTROL NUMBER
- System control number: (OCoLC)oca08240394
040 ## - CATALOGING SOURCE
- Original cataloging agency: CSt
- Language of cataloging: spa
- Description conventions: rda
- Transcribing agency: Mx-PuUPA
- Modifying agency: CSt
- Modifying agency: DLC
- Modifying agency: Mx-PuUPA
100 1# - HEADING--PERSONAL NAME
- Personal name: González Ulloa Aguirre, Pablo Armando,
370 ## - ASSOCIATED PLACE
- Other associated place: Ciudad de México (México)
- Source of term: naf
372 ## - FIELD OF ACTIVITY
- Field of activity: Ciencias sociales
- Source of term: lcsh
373 ## - ASSOCIATED GROUP
- Associated group: Universidad Nacional Autónoma de México. Facultad de Ciencias Políticas y Sociales
- Source of term: naf
374 ## - OCCUPATION
- Occupation: Profesor universitario
- Occupation: Científico social
- Occupation: Autor
- Source of term: lcsh
377 ## - ASSOCIATED LANGUAGE
- Language code: spa
400 1# - SEE FROM TRACING--PERSONAL NAME
- Personal name: Ulloa Aguirre, Pablo Armando González
400 1# - SEE FROM TRACING--PERSONAL NAME
- Personal name: Aguirre, Pablo Armando González Ulloa
400 1# - SEE FROM TRACING--PERSONAL NAME
- Personal name: González Ulloa, P.
- Fuller form of name: (Pablo Armando González Ulloa Aguirre)
670 ## - SOURCE DATA FOUND
- Source citation: María Zambrano, 2009:
- Information found: t.p. (Pablo Armando González Ulloa Aguirre)
670 ## - SOURCE DATA FOUND
- Source citation: Los retos de la gobernabilidad en México, 22 de junio de 2018:
- Information found: title page (Pablo Armando González Ulloa Aguirre) front flap of cover (doctorate in social and political science from UNAM; professer at Facultad de Ciencias Políticas y Sociales of the same university)
670 ## - SOURCE DATA FOUND
- Source citation: El debate del pensamiento político contemporáneo, octubre de 2021:
- Information found: t.p. (Pablo Armando González Ulloa Aguirre) p. 162 (bib. ref.: González Ulloa, P.)